00670nam a2200229Ia 4500003000400000005001700004008004100021020001500062040000900077041001300086050002500099100001900124245008700143246001700230260004500247300002200292490003500314500003400349650002000383700001200403700002500415OSt20201103172335.0200901s9999||||xx |||||||||||||| ||und|| a7100068762 cGETS achihfre aBT300.2 b.R393 2011 aRenan, Ernest  0a耶稣传b = Life of Jesus /c欧内斯特· 勒南 (Ernest Renan) 著; 梁工译 a耶穌傳b/ a北京:b商务印书馆,c2011, c2010 a324 p.b;c21 cm. a汉译世界学术名著丛书 aTranslation of: Life of Jesus aJesus Christ.  a 梁工 a欧内斯特. 勒南